1483 1034 1965 1708 1840 1904 1596 1061 1747 1008 1004 1359 1717 1580 1098 1455 1345 1969 1467 1105 1654 1664 1943 1434 1747 1914 1998 1988 1135 1381 1063 1816 1326 1719 1462 1100 1833 1365 1488 1466 1243 1987 1652 1955 1543 1021 1172 1014 1622 1291 1557 1199 1155 1166 1364 1879 1011 1848 1840 1451 1137 1989 1309 1809 1737 1015 1492 1684 1779 1290 1482 1750 1034 1156 1399 1257 1079 1847 1250 1320 1755 1279 1550 1894 1813 1472 1353 1788 1819 1263 1551 1755 1767 1018 1256 1003 1674 1258 1246 BCNSPRNW ULIB Ver.6.0+V

เปลี่ยนเป็นภาษาไทย

Change to English
 แสดงรายละเอียดบรรณานุกรม
  กลับหน้าหลัก

Brief Record : Get Marc (ISO 2709) : E-mail record : QR code < ปิดหน้าต่าง
LEADER : 00000nam a2200000 a 4500
001    13399128714
003     ULIB
008    220620s2564 th a b 001 0 tha d
020    ^a9786162716669
040    ^abrv
060 04 ^aWB115^bพ172อ
100 0  ^aพรชัย สถิรปัญญา
245 10 ^aอายุรศาสตร์ผู้ป่วยนอก =^bOutpatient internal medicine /^cพรชัยสถิรปัญญา, บดินทร์ ขวัญนิมิตร
246 31 ^aOutpatient internal medicine
250    ^aพิมพ์ครั้งที่ 1
260    ^aสงขลา :^bสาขาวิชาอายุรศาสตร์ คณะแพทยศาสตร์มหาวิทยาลัยสงขลานครินทร์,^c2564
300    ^a248 หน้า :^bภาพประกอบ ;^c26 ซม.
504    ^aมีบรรณานุกรมและดัชนี
650  4 ^aผู้ป่วยนอก
650  4 ^aอายุรศาสตร์
700 0  ^aบดินทร์ ขวัญนิมิตร
710 2  ^aมหาวิทยาลัยสงขลานครินทร์.^bคณะแพทยศาสตร์.^bสาขาวิชาอายุรศาสตร์
910    ^aSend to UC-Update Symbol
945    ^p580^l0^i30158
945    ^p580^l0^i30159
995    ^aกัณชพร จุลอักษร
999    ^aกัณชพร
รายการนี้ยังไม่มีแท็ก
คุณยังไม่ได้ล็อกอิน คุณสามารถมีกิจกรรมร่วมกับเว็บไซต์ได้ แต่ต้องล็อกอินก่อน ::
  ล็อกอิน

รายการสื่อสารสนเทศ

ลำดับที่ ประเภท เลขเรียก/บาร์โค้ด สถานที่ สถานะ
1. หนังสือสำรอง
หนังสือสำรอง
WB115 พ172อ ฉ.1 
  Barcode: 30158
ห้องสมุดวิทยาเขตสวรรค์ประชารักษ์
►หนังสือทั่วไป
บนชั้น
2. วิทยาศาสตร์การแพทย์ และสุขภาพ
วิทยาศาสตร์การแพทย์ และสุขภาพ
WB115 พ172อ ฉ.2 
  Barcode: 30159
ห้องสมุดวิทยาเขตสวรรค์ประชารักษ์
►หนังสือทั่วไป
บนชั้น

รายการใกล้เคียง
    ผู้แต่ง [พรชัย สถิรปัญญา]

    หัวเรื่อง [ผู้ป่วยนอก]
    หัวเรื่อง [อายุรศาสตร์]

BibComment


ยังไม่เคยถูกคอมเมนท์

คอมเมนท์ทรัพยากรรายการนี้
  คอมเมนท์: อายุรศาสตร์ผู้ป่..


 Copyright 2026. Bcnsprnw @Library